| 000 | 01234cam a22003497a 4500 | ||
|---|---|---|---|
| 001 | 15200261 | ||
| 003 | USPCAS-E | ||
| 005 | 20180118181415.0 | ||
| 008 | 080229s2008 ne a b 001 0 eng | ||
| 010 | _a 2008270219 | ||
| 015 |
_aGBA815114 _2bnb |
||
| 016 | 7 |
_a014513441 _2Uk |
|
| 020 | _a9780123706317 (acidfree paper) | ||
| 035 | _a(OCoLC)ocn150330792 | ||
| 040 |
_aUKM _cUKM _dBTCTA _dYDXCP _dBAKER _dOCLCQ _dDLC |
||
| 042 | _alccopycat | ||
| 050 | 0 | 0 |
_aQC776 _b.L4416 2008 |
| 082 | 0 | 0 |
_a621.4831 _222 _bLEW-F 2008 |
| 100 | 1 |
_aLewis, E. E. _q(Elmer Eugene), _d1938- |
|
| 245 | 1 | 0 |
_aFundamentals of nuclear reactor physics / _cE.E. Lewis. |
| 260 |
_aAmsterdam ; _aBoston : _bAcademic Press, _cc2008. |
||
| 300 |
_axv, 293 p. : _bill. ; _c27 cm. |
||
| 502 | _a. | ||
| 504 | _aIncludes bibliographical references and index. | ||
| 650 | 0 | _aNuclear physics. | |
| 650 | 0 |
_aNuclear physics _vProblems, exercises, etc. |
|
| 856 | 4 | 1 |
_3Table of contents _uhttp://www.loc.gov/catdir/toc/fy0803/2008270219.html |
| 906 |
_a7 _bcbc _ccopycat _d2 _encip _f20 _gy-gencatlg |
||
| 942 |
_2ddc _cBK |
||
| 999 |
_c355845 _d355845 |
||